[Event "Deizisau op 13th"]
[Site "Deizisau"]
[Date "2018.10.29"]
[Round "6"]
[White "Hartmann, Martin"]
[Black "Belzner, Helmut"]
[Result "1-0"]
[WhiteElo "2132"]
[BlackElo "2006"]
[PlyCount "127"]
[EventDate "2018.10.26"]
[EventType "swiss"]
[EventRounds "7"]
[EventCountry "GER"]
[SourceTitle "CBM 187 Extra"]
[Source "ChessBase"]
[SourceDate "2018.11.04"]
[SourceVersion "1"]
[SourceVersionDate "2018.11.04"]
[SourceQuality "1"]

1. e4 c6 2. c4 d5 3. cxd5 cxd5 4. exd5 Nf6 5. Nc3 Nxd5 6. Nf3 e6 7. d4 Be7 8. Bd3 0-0 9. 0-0 Nd7 10. a3 N7f6 11. Bg5 b6 12. Bc2 Ba6 13. Re1 Rc8 14. Bd3 Bxd3 15. Qxd3 h6 16. Bh4 Nxc3 17. bxc3 Nd5 18. Bxe7 Nxe7 19. c4 Qc7 20. Rac1 Rfd8 21. Qe4 Ng6 22. g3 Qc6 23. Qe3 Qa4 24. Qd3 Rc7 25. Re2 Rdc8 26. Rec2 Rd8 27. Rc3 Rdc8 28. Qc2 Qxc2 29. R3xc2 Ne7 30. Kf1 Kf8 31. Ke2 Nd5 32. Kd3 Nf6 33. Ne5 Nd7 34. f4 Rd8 35. Ke3 f6 36. Nxd7+ Rdxd7 37. a4 Rc6 38. g4 Kf7 39. Ra1 Rcd6 40. Rd2 Rc7 41. Rc1 Rdc6 42. Kd3 Rd6 43. f5 e5 44. d5 Rc5 45. Rb2 Rd7 46. Rb4 Ke7 47. Rg1 Kf7 48. h4 g6 49. g5 hxg5 50. fxg6+ Kxg6 51. hxg5 fxg5 52. Ke4 Re7 53. Rf1 Rh7 54. Kxe5 Re7+ 55. Kd4 g4 56. Rf8 Kg5 57. Rg8+ Kf4 58. Rf8+ Kg3 59. Rb3+ Kh4 60. Rh8+ Kg5 61. Rb5 Rxb5 62. axb5 g3 63. Rg8+ Kf4 64. d6 1-0

[Event "Seebach op 19th"]
[Site "Grossenseebach"]
[Date "2008.05.24"]
[Round "6"]
[White "Belzner, Helmut"]
[Black "Seyb, Alexander"]
[Result "1/2-1/2"]
[WhiteElo "2021"]
[BlackElo "2191"]
[PlyCount "53"]
[EventDate "2008.05.25"]
[EventType "swiss"]
[EventRounds "7"]
[EventCountry "GER"]
[SourceTitle "EXT 2018"]
[Source "ChessBase"]
[SourceDate "2017.10.13"]
[SourceVersion "1"]
[SourceVersionDate "2017.10.13"]
[SourceQuality "1"]

1. d4 Nf6 2. c4 e6 3. Nc3 Bb4 4. Qc2 d5 5. a3 Bxc3+ 6. Qxc3 c5 7. e3 Ne4 8. Qc2 cxd4 9. exd4 Nc6 10. Nf3 0-0 11. b4 Qf6 12. Be3 e5 13. dxe5 Nxe5 14. Nxe5 Qxe5 15. Rd1 dxc4 16. Bxc4 Bg4 17. Rd4 Bf5 18. Qb3 Nf6 19. h3 b5 20. Bd5 Nxd5 21. Qxd5 Qxd5 22. Rxd5 Be4 23. Rxb5 Bxg2 24. Rg1 Bxh3 25. Rg3 Bd7 26. Rb7 Bc6 27. Rxa7 1/2-1/2

[Event "Stuttgart-chA"]
[Site "Stuttgart"]
[Date "2003.??.??"]
[Round "?"]
[White "Strunski, Andreas"]
[Black "Belzner, Helmut"]
[Result "0-1"]
[WhiteElo "1655"]
[BlackElo "1975"]
[PlyCount "72"]
[EventDate "2003.??.??"]
[EventType "swiss"]
[EventRounds "9"]
[EventCountry "GER"]
[SourceTitle "EXT 2007"]
[Source "ChessBase"]
[SourceDate "2006.11.23"]
[SourceVersion "1"]
[SourceVersionDate "2006.11.23"]
[SourceQuality "1"]

1. e4 d5 2. exd5 Qxd5 3. Nc3 Qa5 4. d4 c6 5. Nf3 Nf6 6. h3 Bf5 7. Bc4 e6 8. 0-0 Be7 9. Bf4 Nd5 10. Nxd5 cxd5 11. Bd3 Bxd3 12. Qxd3 Nd7 13. Ne5 Nf6 14. Qg3 Nh5 15. Qf3 Nxf4 16. Qxf4 0-0 17. c3 Rac8 18. Rfe1 Bd6 19. Qg4 Qc7 20. f4 Rce8 21. Re3 f6 22. Nd3 e5 23. fxe5 fxe5 24. dxe5 Bxe5 25. Rae1 Bh2+ 26. Kh1 Rxe3 27. Qd1 Rxe1+ 28. Qxe1 Bg3 29. Qe6+ Qf7 30. Qxf7+ Rxf7 31. Kg1 Re7 32. Kf1 Re3 33. b3 Rxd3 34. Ke2 Rxc3 35. b4 d4 36. a4 Bf4 0-1